| 000 | 00888nam a22002177a 4500 | ||
|---|---|---|---|
| 003 | OSt | ||
| 005 | 20260119074940.0 | ||
| 008 | 260119b |||||||| |||| 00| 0 eng d | ||
| 020 | _a0-8713-182049. | ||
| 040 |
_aDWCL-Main lib. _cOC |
||
| 082 | _aCirc. 616.891 R434 1993 | ||
| 110 | _aCommittee on Psychiatry and the Community, Group for the Advancement of Psychiatry | ||
| 245 |
_aResident's guide to treatment of people with chronic mental illness/ _cCommittee on Psychiatry and the Community, Group for the Advancement of Psychiatry |
||
| 260 |
_aWashington, D. C. : _bAmerican Psychiatric Press, Inc., _c c1993. |
||
| 300 |
_axiv, 230 pages ; _c 23 centimeters. |
||
| 504 | _aIncludes index. | ||
| 650 | _a1. Chronically ill-Treatment. | ||
| 650 | _a2. Mentally ill-Treatment. | ||
| 650 | _a3. Psychiatry-Study and teaching (Residency). | ||
| 942 |
_2ddc _cBK-CIRC _hCirc. _n0 |
||
| 999 |
_c7551 _d7551 |
||